Rizika vstupu Slovenské republiky do Evropské unie

Charakteristika ekonomického prostredia Slovenska. Národná ekonomika v konkurenčnom prostredí. Poradie konkurencieschopnosti vyspelých krajín za rok 2002. Rizika vstupu Slovenskej republiky do Európskej únie. Výhody a nevýhody vstupu.

Salvato in:
Dettagli Bibliografici
Autore principale: Slepecký, Jaroslav
Natura: Capitolo di libro
Lingua:ceco
Soggetti:
Tags: Aggiungi Tag
Nessun Tag, puoi essere il primo ad aggiungerne!!

MARC

LEADER 00000naa$a2200000$$$4500
001 0027502
005 20230929124844.2
041 0 |a cze 
044 |a CZ 
245 1 0 |a Rizika vstupu Slovenské republiky do Evropské unie  |c Jaroslav Slepecký 
520 |a Charakteristika ekonomického prostredia Slovenska. Národná ekonomika v konkurenčnom prostredí. Poradie konkurencieschopnosti vyspelých krajín za rok 2002. Rizika vstupu Slovenskej republiky do Európskej únie. Výhody a nevýhody vstupu. 
610 2 0 |a Slovensko 
610 2 0 |a transformácia 
610 2 0 |a Európska únia 
610 2 0 |a konkurencieschopnosť 
610 2 0 |a prostredie ekonomické 
610 2 0 |a riziko 
610 2 0 |a prostredie podnikateľské 
100 1 |a Slepecký, Jaroslav